Digital libraries (Record no. 1961)

MARC details
000 -LEADER
fixed length control field 00328nam a22001457a 4500
008 - FIXED-LENGTH DATA ELEMENTS--GENERAL INFORMATION
fixed length control field 260415b |||||||| |||| 00| 0 eng d
020 ## - INTERNATIONAL STANDARD BOOK NUMBER
International Standard Book Number 9781785480454
100 ## - MAIN ENTRY--PERSONAL NAME
Personal name Papy,Fabrice
245 ## - TITLE STATEMENT
Title Digital libraries
260 ## - PUBLICATION, DISTRIBUTION, ETC.
Place of publication, distribution, etc. London
Name of publisher, distributor, etc. ISTE
300 ## - PHYSICAL DESCRIPTION
Extent 146p.
942 ## - ADDED ENTRY ELEMENTS (KOHA)
Source of classification or shelving scheme Dewey Decimal Classification
Koha item type BOOKS
Suppress in OPAC No

No items available.